Gaming Quiz

Random Gaming or Video Games Quiz

Castlevania Games Quiz Stats

 Plays Quiz Updated Feb 27, 2020

Support Sporcle.
Go Orange.
Score 0/31 Timer 07:00
6 Plays Today
Year Game % Correct
1986Castlevania
95.7%
1997Castlevania: Symphony of the Night
71.1%
1988Castlevania II: Simon's Quest
69.6%
2003Castlevania: Aria of Sorrow
56.1%
1999Castlevania 64
54.6%
1991Super Castlevania IV
53.5%
2005Castlevania: Dawn of Sorrow
49.2%
1995Castlevania: Dracula X
49%
2001Castlevania: Circle of the Moon
48.2%
1993Castlevania: Rondo of Blood
48.2%
2006Castlevania: Portrait of Ruin
46.5%
1989Castlevania III: Dracula's Curse
46.4%
2014Castlevania: Lords of Shadow 2
43.6%
1994Castlevania: Bloodlines
43.6%
2002Castlevania: Harmony of Dissonance
41.9%
2008Castlevania: Order of Ecclesia
41.4%
Year Game % Correct
2008Castlevania: Judgement
40.1%
2003Castlevania: Lament of Innocence
38.9%
1989The Castlevania Adventure
32.8%
2013Castlevania: Lords of Shadow - Mirror of Fate
32.1%
2005Castlevania: Curse of Darkness
31.3%
1991Castlevania II: Belmont's Revenge
28.2%
1999Castlevania: Legacy of Darkness
26.6%
1997Castlevania Legends
26.3%
1986Vampire Killer
26.2%
1993Castlevania Chronicles
23.7%
1988Haunted Castle
23.6%
2010Castlevania: Lords of Shadow
21.3%
2007Castlevania: Order of Shadows
14.6%
2010Castlevania: Harmony of Despair
13.5%
2009Castlevania: The Adventure ReBirth
10.6%

From the Vault

NFL 200 Yard Rushing Games by Team

by starcivicrats

Sports 8m
Try not to rush through this quiz.
Remove Ads.
Support Sporcle.
Get the best of Sporcle when you Go Orange. This ad-free experience offers more features, more stats, and more fun while also helping to support Sporcle. Thank you for becoming a member.

Show Comments

Extras

Top Quizzes Today


Score Distribution

Your Account Isn't Verified!

In order to create a playlist on Sporcle, you need to verify the email address you used during registration. Go to your Sporcle Settings to finish the process.

Report this User

Report this user for behavior that violates our Community Guidelines.

Details: